Statistics for 100 Most Popular Girls Names in Puerto Rico in 2016

Click here to take the quiz!

General Stats

  • This quiz has been taken 110 times
  • The average score is 22 of 100

Answer Stats

NAME% Correct
Maria
87%
Ana
80%
Anna
80%
Isabel
61%
Isabella
61%
Isabelle
61%
Sofia
61%
Sophia
61%
Emma
52%
Sara
51%
Sarah
51%
Alejandra
46%
Mia
46%
Victoria
40%
Amalia
39%
Amelia
39%
Eva
39%
Gabriela
39%
Gabriella
39%
Alana
38%
Alanna
38%
Elena
38%
Emily
38%
Alexa
37%
Daniela
35%
Leah
34%
Lia
34%
Liah
34%
Maia
34%
Natalia
33%
Amanda
31%
Carolina
31%
Amy
30%
Charlotte
29%
Paola
29%
Paula
29%
Mila
27%
Camila
26%
Kamila
26%
Valeria
26%
Adriana
24%
Abigail
23%
Andrea
23%
Luna
22%
Arianna
20%
Briana
19%
Brianna
19%
Bryanna
19%
Mariana
19%
Layla
18%
Angelica
17%
Valentina
17%
Alanis
16%
Alanys
16%
Allison
15%
Arielys
14%
Gia
14%
Penelope
14%
Stella
14%
Gianna
12%
Marina
12%
Juliette
10%
Miranda
10%
Alina
9%
Alondra
8%
Lorena
8%
Amahia
6%
Amaya
6%
Aurora
6%
Genesis
6%
Jimena
6%
Aliana
5%
Alianys
5%
Catalina
5%
Elianys
5%
Estela
4%
Fabiola
4%
Ivanna
4%
Angelique
3%
Ariana
3%
Micaela
3%
Mikaela
3%
Amira
2%
Leia
2%
Milena
2%
Ainara
1%
Amaia
1%
Amaiah
1%
Antonella
1%
Dariana
1%
Darielys
1%
Alahia
0%
Alaia
0%
Anaia
0%
Anaiah
0%
Analia
0%
Ariadna
0%
Nahia
0%
Nahiara
0%
Nayla
0%

Score Distribution

Percentile by Number Answered

Percent of People with Each Score

Your Score History

You have not taken this quiz